000
00304nam a2200133Ia 4500
005
20251222155152.0
008
251222s9999||||xx |||||||||||||| ||spa||
082
_a
EDUM.119
100
_a
NO TIENE
245
0
_a
PolĂticas de salud 2001-2006
250
_a
1ra. ed.
264
_b
Consorcio
942
_c
LIB
999
_c
39610
_d
39610